Countries Closest to the Persian Gulf - One Minute Sprint - Statistics

General Stats
  • This quiz has been taken 37 times
  • The average score is 18 of 22
Answer Stats
km country miles % Correct
0 Iran 0
100%
0 Iraq 0
100%
0 Oman 0
100%
440 Pakistan 273
100%
0 Bahrain 0
97%
1198 Israel 745
97%
0 Qatar 0
97%
0 Saudi Arabia 0
97%
502 Afghanistan 312
93%
0 Kuwait 0
93%
846 Syria 526
93%
0 United Arab Emirates 0
90%
551 Yemen 343
90%
1128 India 701
83%
863 Jordan 536
83%
1181 Lebanon 734
83%
843 Turkey 524
83%
968 Armenia 601
73%
890 Azerbaijan 553
63%
1193 Palestine 741
50%
1036 Turkmenistan 644
40%
1207 Russia 750
37%
No matching quizzes found
Score Distribution
Percent of People with Each Score
Percentile by Number Answered
Your Score History
You have not taken this quiz